Australian Government Cabinet Positions - Statistics

General Stats
  • This quiz has been taken 64 times
  • The average score is 19 of 35
Answer Stats
Answer % Correct
{Prime} Minister
100%
Minister for {Defence}
88%
Minister for {Foreign} {Affairs}
88%
{Deputy} {Prime} Minister
82%
Minister for the {Environment} and {Water}
76%
Treasurer
76%
Minister for {Health} and {Aged} {Care}
74%
Minister for {Education}
71%
Minister for {Finance}
71%
Minister for {Trade} and {Tourism}
71%
Minister for {Climate} {Change} and {Energy}
68%
Minister for {Indigenous} {Australians}
68%
Minister for {Infrastructure}, {Transport}, {Regional} {Development} and {Local} {Government}
68%
Attorney-General
62%
Minister for the {National} {Disability} {Insurance} {Scheme}
62%
Special Minister of {State}
62%
Minister for {Agriculture}, {Fisheries} and {Forestry}
59%
Minister for {Women}
56%
Minister for {Communications}
53%
Minister for {Housing}
50%
{Cabinet} Secretary
47%
Minister for {Home} {Affairs}
47%
Minister for the {Arts}
47%
Minister for {Industry} and {Science}
44%
Minister for {Employment} and {Workplace} {Relations}
41%
Minister for {Northern} {Australia}
32%
Minister for {Public} {Service}
32%
Minister for {Social} {Services}
29%
Minister for {Emergency} {Management}
26%
Minister for {Government} {Services}
26%
Minister for {Resources}
24%
Minister for {Cyber} {Security}
21%
Minister for {Skills} and {Training}
21%
Minister for {Homelessness}
18%
Minister for {Small} {Business}
12%
No matching quizzes found
Score Distribution
Percent of People with Each Score
Percentile by Number Answered
Your Score History
You have not taken this quiz